Vplyv globalizácie na spoločné podnikanie malých a stredných podnikov

Globalizačné prejavy v oblasti malých a stredných podnikov (MSP), ktoré vyústili k potlačeniu prepájania jednotlivých regiónov formou klastrov. Koncepcia tvorby klastrov a rozvoj jednotlivých odvetví v regiónoch.

Gespeichert in:
Bibliographische Detailangaben
1. Verfasser: Kovalev, Andrej
Weitere Verfasser: Littvová, Veronika
Format: Buchkapitel
Sprache:Slowakisch
Schlagworte:
Tags: Tag hinzufügen
Keine Tags, Fügen Sie das erste Tag hinzu!

MARC

LEADER 00000naa$a2200000$$$4500
001 0173826
005 20240522131052.3
041 0 |a slo 
044 |a SK 
245 1 0 |a Vplyv globalizácie na spoločné podnikanie malých a stredných podnikov  |c Andrej Kovalev, Veronika Littvová 
520 |a Globalizačné prejavy v oblasti malých a stredných podnikov (MSP), ktoré vyústili k potlačeniu prepájania jednotlivých regiónov formou klastrov. Koncepcia tvorby klastrov a rozvoj jednotlivých odvetví v regiónoch. 
610 2 0 |a globalizácia 
610 2 0 |a podnik malý 
610 2 0 |a podnik stredný 
610 2 0 |a klaster 
610 2 0 |a formy organizačné nadpodnikové 
610 2 0 |a regióny 
100 1 |a Kovalev, Andrej 
700 1 |a Littvová, Veronika